000 01010nam a2200253Ia 4500
003 OSt
005 20220923211432.0
006 a|||||r|||| 00| 0
007 ta
008 220922b |||||||| |||| 00| 0 hin d
020 _a9789350001325 (hbk)
_c300
024 _a242,899
037 _b489, 03/03/2010, Vani Prakashan
_cTextual
040 _aARTS
_cARTS
_bhin
041 _2hin
_ahin
082 _aNRwN67, 152P8
100 _aहळदणकर, वैशाली; घोरपड़े, पद्यजा, अनु.
_9160473
245 0 _aबारबाला
_b एक सिंगर की आपबीती
246 _aBārabālā: ek siangar kī āpabītī
260 _aनयी दिल्ली
_b वाणी प्रकाशन
_c2008
300 _a220पृ.
_ccm.
942 _hNRwN67, 152P8
_cTEXL
_2CC
999 _c299467
_d299467